[Event "Brasilia Taca CC XI"]
[Site "Brasilia"]
[Date "2007.08.06"]
[Round "3.11"]
[White "Moyses Jr, Zich"]
[Black "Rodrigues de Souza, Jaldemar"]
[Result "1-0"]
[WhiteElo "2055"]
[BlackElo "1926"]
[PlyCount "35"]
[EventDate "2007.08.05"]
[EventType "swiss"]
[EventRounds "10"]
[EventCountry "BRA"]
[SourceTitle "EXT 2022"]
[Source "ChessBase"]
[SourceDate "2021.10.06"]
[SourceVersion "1"]
[SourceVersionDate "2021.10.06"]
[SourceQuality "1"]

1. e4 d5 2. exd5 Qxd5 3. d4 Nf6 4. Nf3 a6 5. c4 Qd6 6. Nc3 Bg4 7. Be2 e6 8. h3 Bh5 9. Be3 Nbd7 10. Qb3 Qb4 11. 0-0-0 Qxb3 12. axb3 c5 13. d5 exd5 14. Nxd5 Nxd5 15. Rxd5 Bg6 16. Rhd1 0-0-0 17. Ne5 Bf5 18. Nxd7 1-0